000 00650cam a2200205 c 4500
001 a5033592
003 CO-ViMGA
005 20230915233144.0
008 110415s2011 sp a | |||| 000 0 spa
020 _a9788498353990
040 _aCO-ViMGA
_bspa
_cCO-ViMGA
082 0 4 _bG82c
_a616.5941
100 1 _aGuerra Tapia, Aurora
_d1952-
_95419
245 1 0 _aConvivir con los problemas capilares
_h[Texto impreso]
_cAurora Guerra ; ilustraciones, Javier Bejega
260 _aMadrid
_bMďica Panamericana
_cD.L. 2011
300 _aIX, 167 p.
_bil. col.
_c20 cm
490 0 _aColeccin̤ Convivir con--
650 1 7 _aCalvicie
_2embne
_95420
942 _2ddc
_cBK
999 _c35976
_d35976